Paroles RK-SOS - Statistiques

Statistiques générales
  • Ce quiz a été pris 21 fois
  • Le résultat moyen est 215 sur 503
Statistiques - réponses
Réponse % Correct
je
100%
Je
100%
le
92%
pas
92%
à
85%
a
85%
ce
85%
de
85%
en
85%
la
85%
85%
me
85%
on
85%
que
85%
s'en
85%
ta
85%
tes
85%
t'es
85%
tu
85%
Tu
85%
comme
77%
Et
77%
et
77%
avis
77%
les
77%
ma
77%
m'a
77%
mes
77%
tête
77%
un
77%
arriver
69%
au
69%
baisse
69%
c'est
69%
chien
69%
commentaires
69%
dis
69%
disques
69%
d'ton
69%
feat
69%
fond
69%
fout
69%
j'ai
69%
J'ai
69%
normal
69%
poto
69%
pour
69%
quand
69%
s'connait
69%
souris
69%
taffé
69%
tous
69%
tout
69%
vitre
69%
a qui
62%
c'que
62%
gratter
62%
jamais
62%
Jamais
62%
mal
62%
mère
62%
mon
62%
m'sucer
62%
pote
62%
vois
62%
bagarres
54%
bossé
54%
cible
54%
des
54%
l'écart
54%
limite
54%
loin
54%
prêt
54%
qu'on
54%
rate
54%
terrains
54%
très
54%
Très
54%
une
54%
Bats
46%
m'font
46%
péter
46%
refusé
46%
Reste
46%
SOS
46%
sur
46%
zip
46%
50
38%
dans
38%
France
38%
j'continue
38%
Kalashnikov
38%
peu
38%
peux
38%
plus
38%
RAS
38%
top
38%
bastos
31%
ça
31%
cœur
31%
demande
31%
d'venir
31%
J'découpe
31%
j'détaille
31%
j'l'emballe
31%
J'suis
31%
j'voudrais
31%
l'album
31%
la tess
31%
l'million
31%
nuit
31%
tess
31%
toute
31%
Toute
31%
vie
31%
avant
23%
c'de
23%
Cette
23%
dire
23%
est
23%
fête
23%
grosses
23%
guerre
23%
inverse
23%
j'rentre
23%
J'veux
23%
l'tête-à-tête
23%
matin
23%
sique
23%
Tant
23%
veut
23%
ville
23%
Cogne
15%
d'faire
15%
d'mon
15%
encore
15%
eu
15%
Gomme
15%
j'dirais
15%
j'dors
15%
J'fais
15%
j'fais
15%
khabat
15%
Laissez
15%
l'battement
15%
moi
15%
sais
15%
soir
15%
tard
15%
Assumer
8%
bulle
8%
complètement
8%
d'choses
8%
ennemis
8%
faire
8%
fils
8%
gramme
8%
j'étale
8%
J'reste
8%
mais
8%
8%
pesé
8%
pics
8%
pouvoir
8%
problèmes
8%
putes
8%
qu'il
8%
quoi
8%
route,
8%
rue
8%
sens
8%
seul
8%
sourd
8%
toi
8%
tournoi
8%
tracer
8%
trop
8%
uno
8%
vais
8%
virage
8%
vrai
8%
Y'a
8%
beaucoup
0%
bombarde
0%
chez
0%
d'amis
0%
d'ennuis
0%
du
0%
Faut
0%
fennec
0%
feu
0%
Heureusement
0%
J'peux
0%
J'tourne
0%
Laissez-moi
0%
lui
0%
m'arrive
0%
Numéro
0%
Ouais
0%
oui
0%
préféré
0%
préfère
0%
quartier
0%
qu'des
0%
qu'j'baise
0%
qu'je
0%
qu'j't'entends
0%
qu'la
0%
tournant
0%
tout-par
0%
vécu
0%
verse
0%
Aucun quiz correspondant
Distribution des résultats
% des personnes avec chaque résultat
Percentile par nombre de réponses
Votre historique - résultats
Vous n’avez pas pris ce quiz